000 00890nam a2200229 a 4500
001 BRCA_3754
005 20190320204418.0
008 240909s1993----mx-a---###---#000-0#spa-#
020 _a9686326124
041 _aspaeng
044 _amx
050 4 _aTR680.R6
_b.R66 1993
245 1 0 _aRomualdo García.
260 _aMonterrey
_bMuseo de Arte Contemporáneo de Monterrey
_c1993
300 _a59 p.
_bil.
_c30 cm.
500 _aCatálogo de la exposición realizada en el Museo de Arte Contemporáneo de Monterrey (Monterrey), mayo - agosto, 1993 y en el Museo del Palacio de Bellas Artes (Ciudad de México), septiembre - octubre, 1993
500 _a2do. ejemplar en el Área de Investigación
546 _aTexto en: español e inglés
600 1 4 _aGarcía, Romualdo
_d1852-1930
_vExposiciones
_99786
650 1 4 _aPortrait Photography
_vExposiciones
_zMéxico
_99787
942 _2lcc
_cB
999 _c3483
_d3483